[Event "AUTO-BEG-157"]
[Site "http://www.queenalice.com/game.php?id=363258"]
[Date "2008.2.29"]
[Round "2"]
[White "BarnabyJockers"]
[Black "deco1232007"]
[Result "1-0"]
[WhiteElo "1780"]
[BlackElo "1616"]

1. e4 c5 2. d4 e6 3. dxc5 Bxc5 4. Nf3 b6 5. Nc3 Bb7 6. Bd3 Nc6 7. Qe2 Nf6 8. a3
O-O 9. Be3 Qc7 10. Bxc5 bxc5 11. Nb5 Qa5+ 12. c3 Ne8 13. O-O a6 14. b4 Qd8 15.
a4 axb5 16. Bxb5 cxb4 17. cxb4 Nxb4 18. Rfd1 d5 19. exd5 Nxd5 20. Ne5 Nef6 21.
h3 Nc3 22. Rxd8 Nxe2+ 23. Kf1 Rfxd8 24. Bxe2 1-0

[Event "AUTO-BEG-157"]
[Site "http://www.queenalice.com/game.php?id=363259"]
[Date "2008.2.29"]
[Round "2"]
[White "deco1232007"]
[Black "BarnabyJockers"]
[Result "0-1"]
[WhiteElo "1607"]
[BlackElo "1789"]

1. d4 d5 2. c4 dxc4 3. e4 Nc6 4. d5 Ne5 5. Nc3 e6 6. f4 Bb4 7. fxe5 exd5 8. exd5
Bxc3+ 9. bxc3 b5 10. Nf3 Ne7 11. Bg5 Qd7 12. Bxe7 Qxe7 13. Be2 Bb7 14. O-O Rd8
15. Qd4 Bxd5 16. Qxa7 O-O 17. Qe3 c6 18. Nd4 Qh4 19. Bf3 Bxf3 20. Nxf3 Qg4 21.
Qc5 Qg6 22. Nh4 Qg4 0-1

[Event "Challenge"]
[Site "http://www.queenalice.com/game.php?id=364560"]
[Date "2008.3.3"]
[Round "-"]
[White "soccer6"]
[Black "BarnabyJockers"]
[Result "1/2-1/2"]
[WhiteElo "1563"]
[BlackElo "1814"]

1. e4 e5 2. g3 d5 3. d3 d4 4. Bg2 Nc6 5. Nf3 Nf6 6. O-O Bg4 7. Bd2 Qd7 8. c3 Bh3
9. cxd4 Bxg2 10. Kxg2 Nxd4 11. Nxd4 Qxd4 12. Bc3 Qd7 13. b4 Bd6 14. a3 c6 15.
Nd2 O-O 16. Qf3 Qg4 17. Qxg4 Nxg4 18. Kg1 f5 19. f3 Ne3 20. Rfe1 Nc2 21. Rec1
Nxa1 22. Rxa1 f4 23. Kg2 fxg3 1/2-1/2

[Event "Challenge"]
[Site "http://www.queenalice.com/game.php?id=365579"]
[Date "2008.3.4"]
[Round "-"]
[White "Rapha66"]
[Black "BarnabyJockers"]
[Result "1/2-1/2"]
[WhiteElo "1658"]
[BlackElo "1794"]

1. d4 d5 2. e3 e6 3. a3 Nf6 4. c3 Nc6 5. Bb5 Bd7 6. Bxc6 Bxc6 7. Nf3 Be7 8. O-O
a6 9. Nbd2 Ne4 10. Ne5 Nxd2 11. Bxd2 Bd6 12. Nf3 Qe7 13. Qc2 f6 14. Ne1 e5 15.
dxe5 Qxe5 16. Nf3 Qe4 17. Qxe4+ dxe4 18. Nd4 Bd7 19. f3 exf3 20. Rxf3 O-O-O 21.
Re1 Bg4 22. Rf2 h5 23. h3 Bd7 1/2-1/2

[Event "AUTO-ADV-807"]
[Site "http://www.queenalice.com/game.php?id=402484"]
[Date "2008.5.13"]
[Round "2"]
[White "From77fr"]
[Black "BarnabyJockers"]
[Result "1-0"]
[WhiteElo "2053"]
[BlackElo "1765"]

1. d4 d5 2. e4 dxe4 3. Nc3 Bf5 4. f3 exf3 5. Nxf3 e6 6. Be2 Nf6 7. Bg5 h6 8. Bh4
Bb4 9. O-O Nc6 10. Bb5 Bxc3 11. bxc3 a6 12. Bxc6+ bxc6 13. Ne5 Qd5 14. Qe2 g5
15. Rxf5 gxh4 16. Rxf6 h3 17. Rxf7 O-O-O 18. Qxa6+ 1-0

[Event "AUTO-ADV-807"]
[Site "http://www.queenalice.com/game.php?id=402485"]
[Date "2008.5.13"]
[Round "2"]
[White "BarnabyJockers"]
[Black "From77fr"]
[Result "0-1"]
[WhiteElo "1790"]
[BlackElo "1958"]

1. e4 e5 2. Nf3 Nc6 3. Bb5 Nf6 4. d3 d6 5. Nc3 Bd7 6. Bg5 Be7 7. h3 h6 8. Bh4 g5
9. Bg3 a6 10. Bc4 b5 11. Bb3 Na5 12. a3 Nxb3 13. cxb3 c6 14. b4 a5 15. bxa5 Rxa5
16. Qc2 Qb6 17. h4 g4 18. Nh2 Nh5 19. Nf1 f5 20. exf5 Bxf5 21. Qd2 b4 22. Ne4
bxa3 23. bxa3 Rd5 24. Ne3 Bxe4 25. Nxd5 Bxd5 26. Qc2 Bxg2 27. O-O-O Bxh1 28.
Rxh1 Nxg3 29. fxg3 d5 30. Re1 Bxa3+ 31. Kd1 Bd6 32. Rf1 Rf8 33. Rxf8+ Kxf8 0-1

[Event "AUTO-ADV-807"]
[Site "http://www.queenalice.com/game.php?id=402488"]
[Date "2008.5.13"]
[Round "2"]
[White "BarnabyJockers"]
[Black "rubenov"]
[Result "0-1"]
[WhiteElo "1765"]
[BlackElo "2040"]

1. e4 c6 2. d4 b6 3. c4 Bb7 4. Nc3 d6 5. Nf3 Nd7 6. Bd3 e6 7. Be3 h6 8. Qc2 Rc8
9. b4 Be7 10. O-O c5 11. bxc5 dxc5 12. d5 e5 13. a4 Bd6 14. Nb5 Bb8 15. Bd2 a6
16. Nc3 Ne7 17. Ne2 Ng6 18. Bc3 O-O 19. Ng3 Nf4 20. Nf5 Nxd3 21. Qxd3 Re8 22.
Rab1 a5 23. Bxa5 bxa5 24. Rxb7 Nb6 25. Qb3 Nd7 26. Rb1 Nf6 27. Nd2 Bd6 28. Nf3
Nxe4 29. Qe3 Nf6 30. R1b6 Bc7 31. Rb5 Bb8 32. Rxc5 e4 33. Nd2 Ng4 34. Qd4 Be5
35. Rxc8 Qxc8 36. Nxh6+ gxh6 37. Qb6 Bxh2+ 38. Kf1 e3 39. Nf3 Qxc4+ 0-1

[Event "AUTO-ADV-807"]
[Site "http://www.queenalice.com/game.php?id=402489"]
[Date "2008.5.13"]
[Round "2"]
[White "rubenov"]
[Black "BarnabyJockers"]
[Result "1-0"]
[WhiteElo "2075"]
[BlackElo "1760"]

1. d4 d5 2. Bg5 h6 3. Bh4 Nf6 4. Nc3 g5 5. Bg3 e6 6. Nb5 Na6 7. e3 c6 8. Nc3 Ne4
9. Nxe4 h5 10. Be5 dxe4 11. Bxh8 Bd7 12. Qxh5 Qe7 13. a3 Nc7 14. Be5 O-O-O 15.
c4 f6 16. Bg3 Bg7 17. c5 f5 18. Qd1 Nd5 19. Bc4 f4 20. Bxd5 exd5 21. exf4 gxf4
22. Bxf4 Rg8 23. g3 Qe6 24. h4 Bf6 25. Ne2 Qg4 26. Nc3 Qf5 27. Qa4 a6 28. Qa5
Bd8 29. Qb4 Bc7 30. Ne2 Bxf4 31. Nxf4 Qg4 32. Qd2 Qf3 33. Rf1 Re8 34. Qe3 Qg4
35. b4 Bf5 36. Kd2 Kd7 37. Qe2 Qg8 38. Ke3 Bg4 39. Qb2 Bf3 40. a4 Qg4 41. Rg1
Rf8 42. b5 1-0

[Event "AUTO-OPEN-1019"]
[Site "http://www.queenalice.com/game.php?id=413836"]
[Date "2008.6.6"]
[Round "2"]
[White "b1001k"]
[Black "BarnabyJockers"]
[Result "1-0"]
[WhiteElo "2131"]
[BlackElo "1799"]

1. d4 d5 2. c4 dxc4 3. Nf3 Nf6 4. e3 e6 5. Bxc4 Nc6 6. O-O a6 7. Nc3 Be7 8. d5
exd5 9. Nxd5 Nxd5 10. Qxd5 Qxd5 11. Bxd5 Nb4 12. Bb3 O-O 13. Bd2 Nd3 14. Bc3 Nc5
15. Bc2 Bd6 16. b4 Ne6 17. a3 Bd7 18. Rfd1 Bc6 19. Ne5 Be8 20. Rac1 f6 21. Nc4
Be7 22. Bb3 Bf7 23. Rd7 Rfe8 24. Na5 b6 25. Nc6 Bd6 26. Nd4 Nxd4 27. Bxf7+ Kf8
28. Bxd4 Red8 29. Be6 Rxd7 30. Bxd7 Kf7 31. g3 Rd8 32. Bc6 g5 33. Kg2 h5 34. h3
Kg6 35. g4 h4 36. Be4+ Kf7 37. Bb7 a5 38. bxa5 1-0

[Event "AUTO-OPEN-1019"]
[Site "http://www.queenalice.com/game.php?id=413837"]
[Date "2008.6.6"]
[Round "2"]
[White "BarnabyJockers"]
[Black "b1001k"]
[Result "0-1"]
[WhiteElo "1760"]
[BlackElo "2094"]

1. e4 e6 2. Nf3 d5 3. e5 c5 4. Bb5+ Bd7 5. Bxd7+ Nxd7 6. d3 Ne7 7. Nc3 Nc6 8.
Bf4 Be7 9. a3 f6 10. exf6 Nxf6 11. O-O d4 12. Nb5 Nd5 13. a4 Nxf4 14. Re1 a6 15.
Na3 O-O 16. Nc4 Rf6 17. Nce5 Nxe5 18. Nxe5 Qc7 19. Qg4 Bd6 20. Nf3 Rg6 21. Qh4
Nxg2 22. Qe4 Nxe1+ 23. Kf1 Nxf3 24. Qxf3 Bxh2 25. Ke2 Qe5+ 0-1

[Event "AUTO-OPEN-1019"]
[Site "http://www.queenalice.com/game.php?id=413842"]
[Date "2008.6.6"]
[Round "2"]
[White "BarnabyJockers"]
[Black "chessman"]
[Result "1-0"]
[WhiteElo "1757"]
[BlackElo "2123"]

1. e4 e6 2. Nf3 d5 3. exd5 exd5 4. d4 Nc6 5. Be3 Nf6 6. Nbd2 Be7 7. Bb5 Bd7 8.
c3 O-O 9. h3 a6 10. Ba4 Na7 11. Bxd7 Nxd7 12. O-O c6 13. b4 Nb5 14. Qc2 Nd6 15.
Ne1 Nf6 16. Nd3 Nc4 17. Nxc4 dxc4 18. Ne5 Qd5 19. a4 b5 20. a5 Nd7 21. Ng4 Bg5
22. Bxg5 Rfe8 23. Bf4 Qe4 24. Qxe4 Rxe4 25. Be3 f5 26. Nh2 Nf6 27. Rfe1 Nd5 28.
Rac1 Rae8 29. Nf3 h6 30. Ne5 1-0

[Event "AUTO-OPEN-1019"]
[Site "http://www.queenalice.com/game.php?id=413843"]
[Date "2008.6.6"]
[Round "2"]
[White "chessman"]
[Black "BarnabyJockers"]
[Result "1-0"]
[WhiteElo "2055"]
[BlackElo "1796"]

1. e4 e5 2. Nf3 Nf6 3. Nxe5 Nc6 4. Nxc6 dxc6 5. d3 Bc5 6. Be2 Be6 7. O-O h6 8.
Nc3 Qd7 9. Kh1 Bg4 10. Bxg4 Nxg4 11. Qf3 O-O-O 12. Be3 Bxe3 13. fxe3 f6 14. Rae1
h5 15. Qf5 Kb8 16. Qxd7 Rxd7 17. h3 Ne5 18. Ne2 Rf8 19. b3 a6 20. d4 Ng6 21. c3
b5 22. Nf4 Nxf4 23. Rxf4 Kb7 24. Ref1 Re8 25. c4 g5 26. Rxf6 Rxe4 27. R6f3 Rde7
28. R1f2 Rxe3 29. Rxe3 Rxe3 30. Rd2 Kb6 31. Kg1 Ka5 32. Kf2 Re6 33. Kf3 Kb4 34.
cxb5 cxb5 35. d5 Rf6+ 36. Ke4 Rf4+ 37. Ke5 Kc3 38. Re2 b4 39. Ke6 1-0

[Event "AUTO-OPEN-901"]
[Site "http://www.queenalice.com/game.php?id=435270"]
[Date "2008.7.18"]
[Round "2"]
[White "ayrton"]
[Black "BarnabyJockers"]
[Result "1-0"]
[WhiteElo "1905"]
[BlackElo "1824"]

1. e4 e5 2. Nf3 d6 3. Bc4 Nf6 4. d3 Nc6 5. Ng5 d5 6. exd5 Na5 7. h3 Nxc4 8. dxc4
Be7 9. Qf3 h6 10. Ne4 a6 11. O-O Nxe4 12. Qxe4 Bf6 13. Nd2 Qe7 14. c3 g6 15. Nf3
Bf5 16. Qe3 Bg5 17. Nxg5 hxg5 18. g4 1-0

[Event "AUTO-OPEN-901"]
[Site "http://www.queenalice.com/game.php?id=435271"]
[Date "2008.7.18"]
[Round "2"]
[White "BarnabyJockers"]
[Black "ayrton"]
[Result "0-1"]
[WhiteElo "1811"]
[BlackElo "1918"]

1. e4 e5 2. Nf3 Nc6 3. Bb5 a6 4. Ba4 Be7 5. d3 b5 6. Bb3 Bb7 7. Be3 h6 8. Nc3 d6
9. h3 Bf6 10. a3 Nge7 11. Nd5 Nxd5 12. Bxd5 O-O 13. Qd2 Rb8 14. Rb1 Ba8 15. b4
Kh7 16. c4 Qd7 17. O-O Ne7 0-1

[Event "AUTO-OPEN-901"]
[Site "http://www.queenalice.com/game.php?id=435274"]
[Date "2008.7.18"]
[Round "2"]
[White "aesnihc"]
[Black "BarnabyJockers"]
[Result "1-0"]
[WhiteElo "1884"]
[BlackElo "1781"]

1. e4 d5 2. exd5 Qxd5 3. Nf3 Bg4 4. Be2 Nf6 5. O-O Nc6 6. Nc3 Qd8 7. d3 e6 8.
Bg5 Be7 9. a3 O-O 10. h3 Bh5 11. Be3 h6 12. Qd2 Bd6 13. Rab1 Bg6 14. Nh2 Re8 15.
Ng4 Ne5 16. Nxe5 Bxe5 17. Kh1 b6 18. Ne4 Nxe4 19. dxe4 Bxe4 20. Bd3 Qd5 21. Bxe4
Qxe4 22. Rfe1 1-0

[Event "AUTO-OPEN-901"]
[Site "http://www.queenalice.com/game.php?id=435275"]
[Date "2008.7.18"]
[Round "2"]
[White "BarnabyJockers"]
[Black "aesnihc"]
[Result "0-1"]
[WhiteElo "1769"]
[BlackElo "1896"]

1. e4 c5 2. Nf3 Nc6 3. d3 e6 4. Nc3 d6 5. Be2 Nf6 6. Bg5 Be7 7. h3 h6 8. Bh4 O-O
9. O-O Bd7 10. a3 Nd4 11. Nxd4 cxd4 12. Nb1 Qb6 13. b3 e5 14. Nd2 Qc6 15. Nf3
Rfe8 16. Qb1 Qc3 17. a4 a5 18. Rd1 Nh5 19. Bxe7 Rxe7 20. Nxd4 Nf4 21. Bf3 exd4
0-1